Coat of arms of Cities in Luxembourg - Statistics

General Stats
  • This quiz has been taken 4 times
  • The average score is 8 of 12
Answer Stats
Picture Answer % Correct
Luxembourg
100%
Diekirch
75%
Differdange
75%
Dudelange
75%
Esch-sur-Alzette
75%
Rumelange
75%
Wiltz
75%
Echternach
50%
Grevenmacher
50%
Remich
50%
Vianden
50%
Ettelbruck
25%
No matching quizzes found
Score Distribution
Percent of People with Each Score
Percentile by Number Answered
Your Score History
You have not taken this quiz